Eléments de zoologie / (Record no. 68670)

MARC details
000 -LEADER
campo de control de longitud fija 00583nam a22002055i 4500
001 - NÚMERO DE CONTROL
campo de control 68670
003 - IDENTIFICADOR DE NÚMERO DE CONTROL
campo de control ES-MaACL
005 - FECHA Y HORA DE LA ÚLTIMA TRANSACCIÓN
campo de control 20250814033433.0
007 - CAMPO FIJO DE DESCRIPCIÓN FÍSICA--INFORMACIÓN GENERAL
campo de control de longitud fija t|
008 - DATOS DE LONGITUD FIJA--INFORMACIÓN GENERAL
campo de control de longitud fija 960827s1871 fr a |||| | fre d
040 ## - FUENTE DE CATALOGACIÓN
Centro catalogador/agencia de origen CAM
Lengua de catalogación spa
Centro/agencia transcriptor CAM
100 1# - ENTRADA PRINCIPAL--NOMBRE DE PERSONA
Nombre de persona Gervais, Paul.
9 (RLIN) 56512
245 10 - MENCIÓN DEL TÍTULO
Título Eléments de zoologie /
Mención de responsabilidad, etc. par M. Paul Gervais.
250 ## - MENCION DE EDICION
Mención de edición 2e éd.
260 ## - PUBLICACIÓN, DISTRIBUCIÓN, ETC.
Lugar de publicación, distribución, etc. Paris :
Nombre del editor, distribuidor, etc. Librairie Hachette,
Fecha de publicación, distribución, etc. 1871 (
Fabricante Imp. E. Martinet)
300 ## - DESCRIPCIÓN FÍSICA
Extensión XII, 596 p. :
Otras características físicas il. ;
Dimensiones 23 cm.
650 #7 - PUNTO DE ACCESO ADICIONAL DE MATERIA--TÉRMINO DE MATERIA
Término de materia o nombre geográfico como elemento de entrada Zoología
Fuente del encabezamiento o término embne
9 (RLIN) 17868
852 ## - LOCALIZACIÓN
Ubicación ES-MaACL
Número de control de estantería G-9107
Holdings
Estatus retirado Estado de pérdida Estado de daño No para préstamo Colección Biblioteca de origen Biblioteca actual Ubicación en estantería Fecha de adquisición Fuente de adquisición Total de préstamos Signatura topográfica completa Código de barras Visto por última vez Precio de reemplazo Tipo de ítem Koha
        Libros del s. XIX Biblioteca del Ateneo de Madrid Biblioteca del Ateneo de Madrid Sala Pecera Planta 3 17/01/2008     G-9107 1071893 23/02/2023 23/02/2023 Libro impreso antiguo